00811nam a22002417a 45000010005000000030006000050050017000110080041000280200018000690400029000870500015001160820011001311000028001422450081001702600038002513000058002895050007003475200087003545210019004415210019004606500054004797000036005337079FISKH20260309093505.0250620b cb ||||| |||| 00| 0 eng d a9780545471121 aFISKHbengcFISKHdFISKH aQK644 .K79 a581.4  aKudlinski, Kathleen V.  aWhat do roots do?cby Kathleen V. Kudlinski ; illustrated by David Schuppert aNew York ; bScholastic, c2005.  a32 unnumbered pages : bcolor illustrations ; c28 cm aN  aDiscusses different types of roots, how they affect plants, and which ones we eat.8 a570 bLexile 8 aN bRaz-Plus  aPlantsvAwalk in the woodsxRootsyGrowing Plants aSchuppert, David eillustrator